[Event "AUTO-INT-268"]
[Site "http://www.queenalice.com/game.php?id=174279"]
[Date "2007.2.26"]
[Round "2"]
[White "RickD"]
[Black "jpzenitram"]
[Result "1-0"]
[WhiteElo "1442"]
[BlackElo "1649"]

1. e4 d6 2. Bc4 Nf6 3. Nc3 g6 4. Nf3 Bg7 5. d3 c5 6. Nd5 O-O 7. Ng5 Nc6 8. O-O
b6 9. Qf3 Nd4 10. Qe3 Nxc2 11. Qg3 Nxa1 12. Qh4 h5 13. f3 Nc2 14. g4 Nd4 15.
gxh5 Nxh5 16. Nf4 Nf6 17. Nd5 Nh5 18. Nf4 Nf6 19. Nd5 Nh5 20. f4 f6 21. Nxf6+
Kh8 22. Nxh5 e6 23. Nf6+ 1-0

[Event "AUTO-INT-268"]
[Site "http://www.queenalice.com/game.php?id=174280"]
[Date "2007.2.26"]
[Round "2"]
[White "jpzenitram"]
[Black "RickD"]
[Result "0-1"]
[WhiteElo "1632"]
[BlackElo "1466"]

1. e4 d5 2. exd5 Qxd5 3. Nc3 Qe6+ 4. Qe2 Nc6 5. Qxe6 Bxe6 6. Nf3 O-O-O 7. d3 Nb4
8. Kd1 Nf6 9. h3 Bd7 10. a3 Nbd5 11. Nxd5 Nxd5 12. Bd2 e6 13. Ne5 Be8 14. g3 f6
15. Nc4 Bc5 16. f3 f5 17. Ne5 Bf2 18. Be1 Bd4 19. Nc4 b5 20. Na5 Ne3+ 21. Kd2
Bh5 22. c3 Nxf1+ 23. Rxf1 Bb6 24. Nc6 Rd7 25. g4 Bg6 26. g5 f4 27. h4 Bxd3 28.
Ne5 Be3+ 0-1

[Event "AUTO-INT-268"]
[Site "http://www.queenalice.com/game.php?id=174281"]
[Date "2007.2.26"]
[Round "2"]
[White "RickD"]
[Black "Bruscato"]
[Result "0-1"]
[WhiteElo "1516"]
[BlackElo "2059"]

1. e4 c5 2. Nc3 d6 3. Bc4 e6 4. d4 cxd4 5. Qxd4 Nc6 6. Qd3 Bd7 7. Nd5 exd5 8.
Bxd5 Nf6 9. Bg5 Nb4 10. Qc4 Nbxd5 11. exd5 Rc8 12. Qe2+ Be7 13. Nf3 O-O 14. O-O
Nxd5 15. c4 Bxg5 16. cxd5 Bf6 17. Qd2 Qb6 18. Rab1 Bg4 19. b4 Bxf3 20. gxf3 Rc4
21. a4 Be5 22. a5 Qd8 23. Qe2 Bxh2+ 24. Kg2 Qg5+ 25. Kxh2 Rh4# 0-1

[Event "AUTO-INT-268"]
[Site "http://www.queenalice.com/game.php?id=174282"]
[Date "2007.2.26"]
[Round "2"]
[White "Bruscato"]
[Black "RickD"]
[Result "1-0"]
[WhiteElo "2054"]
[BlackElo "1518"]

1. e4 d5 2. exd5 Qxd5 3. Nc3 Qe6+ 4. Be2 b6 5. Nf3 Bb7 6. O-O Nh6 7. d4 Ng4 8.
Ng5 Qh6 9. Bxg4 Qc6 10. Bf3 Qf6 11. Bxb7 e5 12. dxe5 Qf5 13. Bd5 Be7 14. Bxf7+
Kf8 15. Be6 Qxe5 16. Qf3+ Bf6 17. Bf4 Qc5 18. Rfe1 h6 19. Qxa8 Ke7 20. Bh3+ Be5
21. Nd5+ Qxd5 22. Qxd5 Rd8 23. Rxe5+ 1-0

[Event "Challenge"]
[Site "http://www.queenalice.com/game.php?id=174793"]
[Date "2007.2.27"]
[Round "-"]
[White "mid_knight"]
[Black "RickD"]
[Result "1-0"]
[WhiteElo "1860"]
[BlackElo "1520"]

1. d4 d5 2. c4 Nf6 3. cxd5 Nxd5 4. Nf3 e6 5. e4 Nf4 6. Bxf4 Bb4+ 7. Nc3 O-O 8.
Bd3 Qf6 9. Be3 Nc6 10. e5 Qe7 11. Bxh7+ Kxh7 12. Ng5+ Kg8 13. Qh5 1-0

[Event "Challenge"]
[Site "http://www.queenalice.com/game.php?id=175449"]
[Date "2007.2.28"]
[Round "-"]
[White "RickD"]
[Black "tclout"]
[Result "0-1"]
[WhiteElo "1511"]
[BlackElo "1911"]

1. d4 c5 2. d5 d6 3. c4 e5 4. e4 Nf6 5. Bd3 Be7 6. Nc3 O-O 7. Nf3 Na6 8. O-O Bd7
9. b3 Qa5 10. Bd2 Nb4 11. Na4 Qc7 12. Be2 Nxe4 13. a3 Bxa4 14. bxa4 Nxd2 15.
Qxd2 Na6 16. a5 e4 17. Ng5 Bxg5 18. Qxg5 Qxa5 19. Bh5 Rae8 20. Bg4 Re5 21. Bf5
g6 22. g4 f6 23. Qh6 gxf5 24. f4 Qd2 25. g5 Re7 26. Rfd1 Qxf4 27. h4 e3 28. Re1
Qf2+ 29. Kh1 Re4 30. gxf6 Rxh4+ 31. Qxh4 Qxh4+ 32. Kg1 Rxf6 33. Rxe3 Rg6+ 34.
Kf1 Qh1+ 35. Kf2 Qxa1 36. Re8+ Kf7 37. Rh8 Qxh8 0-1

[Event "Challenge"]
[Site "http://www.queenalice.com/game.php?id=175450"]
[Date "2007.2.28"]
[Round "-"]
[White "tclout"]
[Black "RickD"]
[Result "1-0"]
[WhiteElo "1915"]
[BlackElo "1511"]

1. b3 e5 2. c4 c5 3. Bb2 Nc6 4. d3 Nd4 5. e3 Nc6 6. d4 exd4 7. exd4 cxd4 8. Bxd4
Nxd4 9. Qxd4 Bb4+ 10. Nc3 Ne7 11. Ne2 Nf5 12. Qe5+ Qe7 13. Qxe7+ Nxe7 14. a3 Bc5
15. b4 Bd6 16. Nb5 Be5 17. Rd1 O-O 18. Nd6 Bxd6 19. Rxd6 Nf5 20. Rd5 d6 21. Ng3
Ne7 22. Rd2 Re8 23. Be2 Ng6 24. O-O Nf4 25. Bf3 a6 26. Rxd6 Be6 27. Bxb7 Rad8
28. Rxd8 Rxd8 29. Bxa6 h5 30. c5 h4 31. Ne2 g5 32. Nxf4 gxf4 33. Rc1 Rd5 34. Bc4
Re5 35. c6 Bc8 36. b5 Rc5 37. a4 Bf5 38. a5 Be4 39. a6 Rg5 40. f3 Bxf3 41. c7
Rxg2+ 42. Kf1 Rxh2 43. c8=Q+ Kg7 44. Bxf7 h3 45. Qg8+ Kf6 46. Rc6+ Ke5 47. Re6+
Kd5 48. Qg5+ Kc4 49. Re4+ Kd3 50. Qd5+ Kc3 51. Rc4+ Kb3 52. Qd3+ Kb2 53. Rb4+
Kc1 54. Rb1# 1-0

[Event "Challenge"]
[Site "http://www.queenalice.com/game.php?id=183747"]
[Date "2007.3.17"]
[Round "-"]
[White "RickD"]
[Black "mid_knight"]
[Result "0-1"]
[WhiteElo "1514"]
[BlackElo "1838"]

1. e4 c6 2. Bd3 d5 3. Nf3 dxe4 4. Bxe4 Nf6 5. Bd3 g6 6. O-O Bg7 7. Bc4 O-O 8.
Ng5 e6 9. Nc3 Nd5 10. Nce4 f5 11. Nc5 Qxg5 12. Qe2 Qe7 13. Nd3 Na6 14. c3 Nac7
15. Ne5 Nb6 16. d4 Bxe5 17. Bxe6+ Bxe6 18. dxe5 Bc4 19. Qe1 Bxf1 20. Kxf1 Rfe8
21. f4 Na4 22. a3 Nc5 23. Ra2 Nd3 24. Qe3 Nxc1 25. Qxc1 Qc5 26. b4 Qc4+ 27. Re2
Nd5 28. Kf2 Nxf4 29. Re3 Nd3+ 30. Rxd3 Qxd3 31. Qe1 Rad8 32. e6 Qc2+ 33. Kg1 Rd1
34. Qxd1 Qxd1+ 35. Kf2 Rxe6 36. Kg3 Re3+ 37. Kf4 Qd2 38. Kg5 Kg7 39. g4 Rh3# 0-1

[Event "Challenge"]
[Site "http://www.queenalice.com/game.php?id=199280"]
[Date "2007.4.19"]
[Round "-"]
[White "RickD"]
[Black "Storm"]
[Result "1-0"]
[WhiteElo "1509"]
[BlackElo "1170"]

1. e4 c5 2. Bc4 d6 3. Qf3 g6 4. Qxf7+ Kd7 5. Qe6+ Ke8 6. Qf7+ Kd7 7. Bb5+ Nc6 8.
d4 cxd4 9. Nf3 Nh6 10. Bxh6 Bxh6 11. e5 Rf8 12. Qd5 Qa5+ 13. Nfd2 e6 14. Qc4 d5
15. Qd3 a6 16. Bxc6+ bxc6 17. Qh3 1-0

[Event "AUTO-BEG-20"]
[Site "http://www.queenalice.com/game.php?id=228255"]
[Date "2007.6.20"]
[Round "2"]
[White "RickD"]
[Black "Warrior"]
[Result "0-1"]
[WhiteElo "1504"]
[BlackElo "1993"]

1. e4 c5 2. Bc4 g6 3. Qf3 e6 4. g3 Nc6 5. Qf4 Bg7 6. c3 Nge7 7. Nf3 O-O 8. Ng5
d5 9. Nxh7 Kxh7 10. Bd3 dxe4 11. Bxe4 Nd5 12. Qh4+ Qxh4 13. gxh4 Nf6 14. Bf3 e5
15. O-O Be6 16. d3 Bd5 17. Be2 Ne7 18. c4 Bc6 19. b3 Nf5 20. Bg5 Nd4 21. Bd1
Nf3+ 22. Bxf3 Bxf3 23. Nd2 Bc6 24. Rae1 Rfe8 25. a4 Nh5 26. Re3 Bh6 27. Bxh6
Kxh6 28. Ne4 Bxe4 29. dxe4 Rad8 30. Rf3 Nf4 31. Re1 Rd2 32. a5 Red8 33. a6 b6
34. Kf1 R8d3 35. Rxd3 Nxd3 36. Re3 Rxf2+ 37. Kg1 Rd2 38. Rf3 Rd1+ 39. Kg2 Ne1+
40. Kf2 Nxf3 41. Kxf3 Rd3+ 0-1

[Event "AUTO-BEG-20"]
[Site "http://www.queenalice.com/game.php?id=228256"]
[Date "2007.6.20"]
[Round "2"]
[White "Warrior"]
[Black "RickD"]
[Result "1-0"]
[WhiteElo "2010"]
[BlackElo "1506"]

1. e4 d5 2. exd5 Qxd5 3. Nc3 Qe5+ 4. Be2 Bg4 5. h3 Bxe2 6. Qxe2 Qg5 7. Qf3 c6 8.
d4 Qg6 9. Qe4 Qd6 10. Nf3 Nf6 11. Qe5 Qxe5+ 12. Nxe5 e6 13. O-O Nh5 14. Ne4 Be7
15. c3 O-O 16. Be3 f6 17. Nf3 f5 18. Nc5 f4 19. Bd2 h6 20. Nxe6 Rf6 21. Nc7 Ng3
22. fxg3 fxg3 23. Ne5 Bd6 24. Nxa8 Na6 25. Rxf6 gxf6 26. Ng4 h5 27. Nxf6+ Kf7
28. Nxh5 b5 29. Bf4 Bxf4 30. Nxf4 c5 31. Ne2 cxd4 32. Nxd4 b4 33. Rf1+ Ke7 34.
Nc6+ Kd6 35. Nxb4 Nc5 36. Rf3 a5 37. Nc2 Ne6 38. Rf6 Ke5 39. Rxe6+ 1-0

[Event "AUTO-BEG-20"]
[Site "http://www.queenalice.com/game.php?id=228257"]
[Date "2007.6.20"]
[Round "2"]
[White "RickD"]
[Black "hugo10"]
[Result "0-1"]
[WhiteElo "1509"]
[BlackElo "1519"]

1. e4 e5 2. Bc4 Nh6 3. d3 Bc5 4. Be3 Bxe3 5. fxe3 d6 6. Qf3 c6 7. Nh3 Qh4+ 8. g3
Qxh3 9. d4 exd4 10. exd4 b5 11. Bb3 Bg4 12. Qf4 Qg2 13. Rf1 Qe2# 0-1

[Event "AUTO-BEG-20"]
[Site "http://www.queenalice.com/game.php?id=228258"]
[Date "2007.6.20"]
[Round "2"]
[White "hugo10"]
[Black "RickD"]
[Result "0-1"]
[WhiteElo "1548"]
[BlackElo "1486"]

1. e4 e5 2. Bc4 c6 3. Nh3 Nf6 4. d3 d5 5. exd5 cxd5 6. Bb5+ Nc6 7. Bg5 Qa5+ 8.
b4 Qxb5 9. Qf3 Qxb4+ 10. c3 Qb2 11. Bxf6 Qxa1 12. O-O Be7 13. Bxg7 Rg8 14. Qg3
Qxa2 15. c4 dxc4 16. dxc4 Qxc4 17. Nd2 Qc2 18. Qe3 Rxg7 19. Qh6 Rg8 20. Nf3 Bg4
21. Nhg5 Rd8 22. Nxh7 Rd1 23. h3 Bxf3 24. Ng5 Rxf1+ 25. Kh2 Nd4 26. Qh7 Qxf2 27.
Qxf7+ Kd7 28. Nxf3 Rxg2# 0-1

[Event "AUTO-BEG-20"]
[Site "http://www.queenalice.com/game.php?id=228259"]
[Date "2007.6.20"]
[Round "2"]
[White "RickD"]
[Black "xavimg"]
[Result "0-1"]
[WhiteElo "1493"]
[BlackElo "1722"]

1. e4 c6 2. d4 d5 3. e5 e6 4. Bd3 c5 5. c3 cxd4 6. cxd4 Bb4+ 7. Nc3 Ne7 8. a3
Ba5 9. b4 O-O 10. Qf3 Bb6 11. Qh3 g6 12. Nce2 Nec6 13. Nf4 Bxd4 14. Rb1 Nxe5 15.
Be2 Nec6 16. Qh6 Bg7 17. Qh3 e5 18. Qg3 exf4 19. Bxf4 Bf5 20. Nf3 Bxb1 21. Ng5
Nd4 22. Bd1 Re8+ 23. Kf1 Bd3+ 24. Be2 Bxe2+ 25. Ke1 Qc8 26. f3 Qc1+ 27. Kf2 Qxh1
28. Qh4 Qf1+ 29. Kg3 Nf5+ 0-1

[Event "AUTO-BEG-20"]
[Site "http://www.queenalice.com/game.php?id=228260"]
[Date "2007.6.20"]
[Round "2"]
[White "xavimg"]
[Black "RickD"]
[Result "1-0"]
[WhiteElo "1731"]
[BlackElo "1504"]

1. e4 e5 2. Bc4 Bc5 3. Nf3 d6 4. d4 Bb4+ 5. c3 Ba5 6. Ng5 Nh6 7. dxe5 dxe5 8.
Qxd8+ Kxd8 9. Bxf7 Rf8 10. Ne6+ Bxe6 11. Bxe6 Bb6 12. Bg5+ Ke8 13. O-O Nc6 14.
Nd2 Nd8 15. Bh3 Nhf7 16. Bh4 Nd6 17. c4 h6 18. b4 Bd4 19. Rad1 g5 20. Bg3 N8f7
21. c5 Nb5 22. Nc4 Nc3 23. Rd2 Nd8 24. Nxe5 Bxe5 25. Bxe5 Nxe4 26. Re2 Rxf2 27.
Rfxf2 Nxf2 28. Bg3+ Kf8 29. Rxf2+ Kg7 30. Bxc7 Nc6 31. a3 h5 32. Bd7 Nd4 33.
Be5+ Kg6 34. Bxd4 Rd8 35. Rf6+ Kg7 36. Rb6+ Kf7 37. Rxb7 Kg6 38. Rxa7 h4 39. h3
Rf8 40. Bg4 Rf4 41. Ra6+ Kh7 42. Bf2 Rc4 43. c6 Rc1+ 44. Kh2 Rf1 45. c7 Rc1 46.
c8=Q 1-0

[Event "Challenge"]
[Site "http://www.queenalice.com/game.php?id=246905"]
[Date "2007.7.27"]
[Round "-"]
[White "mid_knight"]
[Black "RickD"]
[Result "1-0"]
[WhiteElo "1932"]
[BlackElo "1508"]

1. b3 e5 2. Bb2 Nc6 3. e3 Nf6 4. Bb5 a6 5. Bxc6 dxc6 6. Bxe5 Ne4 7. Nf3 f6 8.
Bb2 g5 9. d3 Nc5 10. Nxg5 Rg8 11. Qh5+ Rg6 12. Nxh7 Bg4 13. Qxg6+ Ke7 14. Bxf6+
1-0

[Event "Another?"]
[Site "http://www.queenalice.com/game.php?id=252896"]
[Date "2007.8.8"]
[Round "-"]
[White "RickD"]
[Black "mid_knight"]
[Result "0-1"]
[WhiteElo "1494"]
[BlackElo "1957"]

1. Nh3 Nf6 2. e3 g6 3. c3 c5 4. Bc4 e6 5. O-O Bg7 6. Na3 O-O 7. Nb5 d5 8. Bb3 a6
9. Na3 Bd7 10. d4 cxd4 11. exd4 Nc6 12. Bg5 Qc7 13. Qf3 Ne4 14. Bf4 e5 15. dxe5
Nxe5 16. Qe3 Bxh3 17. Bxd5 Bxg2 18. Kxg2 Nc5 19. b4 Ncd7 20. Rfe1 Rae8 21. Qa7
Qxc3 22. Qe3 Qxb4 23. Rab1 Qa4 24. Rxb7 Ng4 25. Qd2 Rxe1 26. Qxe1 Qxf4 27. Rxd7
Qxh2+ 28. Kf3 Qh3+ 29. Kf4 Bh6+ 30. Ke4 Re8+ 31. Be6 Rxe6+ 32. Kd5 Nf6+ 33. Kd4
Rxe1 34. Rd8+ Kg7 35. Nc4 Rd1+ 0-1

[Event "Random"]
[Site "http://www.queenalice.com/game.php?id=359136"]
[Date "2008.2.22"]
[Round "2"]
[White "DJLeon"]
[Black "RickD"]
[Result "1/2-1/2"]
[WhiteElo "1574"]
[BlackElo "1487"]

1. g3 d5 2. Bg2 Nc6 3. Nf3 f6 4. d4 Nh6 5. O-O Bf5 6. Nc3 Qd7 7. a4 O-O-O 8. Rb1
Nb4 9. Qe1 Bxc2 10. Ra1 e6 11. Bd2 Bb3 12. Nb5 Nc2 13. Qc1 Nxa1 14. Qxa1 g5 15.
Nxa7+ Kb8 16. Nb5 Bc4 17. Re1 g4 18. Nh4 c6 19. Ba5 Rc8 20. Bc7+ Ka8 21. Bf4 Nf7
22. Nc7+ Kb8 23. Nxd5+ Nd6 24. Nb6 Qc7 25. Nxc8 Kxc8 26. Qc1 b5 27. axb5 cxb5
28. Qa1 Kd7 29. Rc1 Qb6 30. e3 f5 31. Be5 Rg8 32. Rb1 Ne4 33. Bxe4 fxe4 34. Rc1
Bb4 35. b3 Bd5 36. Qb2 Rc8 37. Ng2 Rxc1+ 38. Qxc1 Bxb3 39. Qb1 Bc4 40. Qxb4 Qa6
41. Ne1 Ke8 42. Kg2 Qa4 43. Bd6 Qxb4 44. Bxb4 Be2 45. Nc2 Bf3+ 46. Kg1 Be2 47.
Na3 h6 48. Nxb5 Bxb5 49. Ba5 Kd7 50. Kg2 Kc6 51. h3 gxh3+ 52. Kxh3 Bf1+ 53. Kg4
Be2+ 54. Kf4 Kd5 1/2-1/2